000 00629nam a2200241Ia 4500
005 20260430150344.0
008 008 250103s9999 xx 000 0 eng d
037 _aTheses
040 _aCRL
040 _beng
040 _ceng
041 _2eng
041 _aeng
084 _qCRL
100 _aKanoujia Siddharth Narayan Au.; Raj Kumar Gu.
_91237242
245 0 _aDalit Autobiographies: Self- Narratives as Historiography
260 _c2023
300 _a267p.
650 _aEnglish Literature
700 _aUniversity of Delhi. Faculty of Arts. Deptt. of English
942 _cTH
999 _c1849586
_d1849586